000 00380nam a2200157 i 4500
001 bg
100 1 _aPezała, Jozef
245 0 _aOrganizacja młyna gospodarczego /
_cJózef Pezała.
260 _aWarszawa,
_c1956.
650 9 _aMłynarstwo
_xorganizacja
040 _cBPK
041 _apol
080 _a664.6/.7
942 _cKS
008 s pl f |000 0 pol
999 _c49738
_d49738
856 _uhttp://koha.tu.koszalin.pl/cgi-bin/koha/opac-detail.pl?biblionumber=49738
_yKatalog online BPK